[Event "EU-ch U12 28th"]
[Site "Riga"]
[Date "2018.08.24"]
[Round "5"]
[White "Krasilnikovs, Aleksandrs"]
[Black "Kull, Tormi"]
[Result "0-1"]
[WhiteElo "1214"]
[BlackElo "1429"]
[PlyCount "106"]
[EventDate "2018.08.20"]
[EventType "swiss"]
[EventRounds "9"]
[EventCountry "LAT"]
[SourceTitle "CBM 186 Extra"]
[Source "ChessBase"]
[SourceDate "2018.08.24"]
[SourceVersion "1"]
[SourceVersionDate "2018.08.24"]
[SourceQuality "1"]

1. c4 e5 2. Nc3 Nc6 3. g3 g6 4. Bg2 Bg7 5. d3 Nge7 6. Nf3 0-0 7. 0-0 d6 8. Bd2 f5 9. e3 Nb4 10. Qe2 c6 11. a3 Na6 12. Rab1 d5 13. Rfe1 e4 14. dxe4 dxe4 15. Nd4 Nc5 16. Nc2 Nd3 17. Red1 Be6 18. b3 c5 19. f3 Ne5 20. fxe4 fxe4 21. h3 Nf3+ 22. Kh1 Bxc3 23. Bxc3 Nf5 24. Qf2 Qc7 25. Bxf3 Nxg3+ 26. Kg1 Rxf3 27. Qd2 Raf8 28. Re1 R8f5 29. Rbd1 Rg5 30. Qd8+ Qxd8 31. Rxd8+ Kf7 32. Kh2 Nf1+ 33. Rxf1 Rxf1 34. Rd2 Rf3 35. Kh1 Rxh3+ 36. Rh2 Rxh2+ 37. Kxh2 h5 38. Ne1 Rf5 39. Kg2 g5 40. Kg3 Kg6 41. Ng2 Rf3+ 42. Kh2 h4 43. Kh1 h3 44. Ne1 Rxe3 45. Bd2 Re2 46. Bc3 g4 47. Kg1 g3 48. Kh1 Bg4 49. Kg1 h2+ 50. Kh1 Bf3+ 51. Nxf3 exf3 52. b4 Rf2 53. Bd2 Rf1# 0-1